Mediokracia určite nie je demokraciou most medzi politikou a verejnosťou musí stáť na pevných etických pilieroch

Bibliographic Details
Main Author: Kaliňák, Michal, 1980- (Author)
Format: Article
Language:Slovak
ISSN:1335-7883
Subjects:

MARC

LEADER 00000nab a2200000 ar4500
001 vtls009968504
003 SK-MaSNL
005 20260426071333.0
008 091110c2009 xo sr|p|||||||000 b|slo
015 |a SNBRB2009/11  |2 snkbucl 
038 |a SNKBUCL 
040 |a SNKBUCL  |b slo  |c SNKBUCL  |e AACR2 
041 0 |a slo 
044 |a xo  |c SK 
080 |a 32.019.5  |x (437.6)  |2 2001 
100 1 |a Kaliňák, Michal,  |d 1980-  |4 aut  |9 722327 
245 1 0 |a Mediokracia určite nie je demokraciou  |b most medzi politikou a verejnosťou musí stáť na pevných etických pilieroch  |c Michal Kaliňák 
650 0 7 |a mediokracia  |2 snkbucl  |9 126089 
651 7 |a Slovensko  |2 snkbucl  |9 14231 
773 0 |t Verejná správa  |g Roč. 64, č. 22 (2009), s. 9  |x 1335-7883 
852 |a SNK  |b KIS3GCP 
999 |c 2677548  |d 2679478